000
00195nam a22000857a 4500
008
160711b xxu||||| |||| 00| 0 eng d
100
_9
2570
_a
Peacock
245
_a
Outdoors in Alabama
260
_c
1963
999
_c
2235
_d
2235